000 00755nam a2200229 a 4500
001 48053
003 BD-RjUL
005 20211209054441.0
008 160811s2005 bg ||||| |||| 00| f ben d
020 _a9848517332
_c: Tk. 60.00
035 _a(BD-RjUL) 48172
040 _aBD-RjUL
_bben
_cBD-RjUL
041 _aben
082 _223
_a891.443
_bHAK 2005
100 1 _aহক, ফজলুল
_9145692
245 1 0 _aকামিনী কথা /
_cফজলুল হক
260 _aঢাকা :
_bইত্যাদি গ্রন্থ প্রকাশ,
_c২০০৫
300 _a৮০ পৃ. ;
_c২১ সেমি.
650 _aবাংলা উপন্যাস
_9145693
650 _aBengali Fiction
_9145694
942 _2ddc
_cBK
999 _c48053
_d48053